| 000 | 01257nam0a2200337 4500 | ||
|---|---|---|---|
| 001 | RU\NLR\BIBL_A\011395478 | ||
| 005 | 20250626060348.0 | ||
| 010 |
_a978-5-9908308-1-3 _93500 |
||
| 021 |
_aRU _b2017-32287 _92374 |
||
| 035 | _a(RuMoRGB)008874288 | ||
| 035 | _a(NLR Aleph) 011395478 | ||
| 090 |
_a11476395 _c11476395 |
||
| 100 | _a20170529d2017 |||y0rusy50 ca | ||
| 101 | 1 |
_arus _ceng |
|
| 102 | _aRU | ||
| 105 | _aa z 00gy | ||
| 200 | 1 |
_aМаленький цыплёнок _e[для детей младшего дошкольного возраста] _fЭми Хест _gиллюстрации Аниты Джерам _g[литературный перевод Евгения Бутенко] |
|
| 210 |
_aСанкт-Петербург _cКачели _d2017 |
||
| 215 |
_a[47] с. _cцв. ил. _d23 |
||
| 225 | 1 | _aСерия "Сказки-нескучайки" | |
| 333 | _a0+ | ||
| 686 |
_aШ9(2)70(7США) _2rubbk |
||
| 686 | 0 | _aШ9(7США)60-4 | |
| 700 | 1 |
_7ca _8rus _aХест _bЭ. _gЭми _9174357 _3RU\NLR\AUTH\770174408 |
|
| 702 | 1 |
_aДжерам _bА. _gАнита _4040 |
|
| 942 | _cBOOK | ||
| 980 | _aNB | ||